The Law of real property / (Record no. 4217)

MARC details
000 -LEADER
fixed length control field 00751cam a22002292 4500
001 - CONTROL NUMBER
control field 0000020910
005 - DATE AND TIME OF LATEST TRANSACTION
control field 20151217145929.0
008 - FIXED-LENGTH DATA ELEMENTS--GENERAL INFORMATION
fixed length control field 111114s xx 000 0 eng d
020 ## - INTERNATIONAL STANDARD BOOK NUMBER
International Standard Book Number 0421964105 :
040 ## - CATALOGING SOURCE
Original cataloging agency KABU
Transcribing agency KABU
100 1# - MAIN ENTRY--PERSONAL NAME
Personal name Megarry, Robert.
-- 0000160400
245 14 - TITLE STATEMENT
Title The Law of real property /
Statement of responsibility, etc. Robert Megarry and William Wade.
250 ## - EDITION STATEMENT
Edition statement 7th ed. /
Remainder of edition statement Charles Harpum with Malcolm Grant and Stuart Bridge.
260 ## - PUBLICATION, DISTRIBUTION, ETC. (IMPRINT)
Place of publication, distribution, etc. London :
Name of publisher, distributor, etc. Sweet & Maxwell,
Date of publication, distribution, etc. 2008.
300 ## - PHYSICAL DESCRIPTION
Extent cclxxv, 1607 p.
650 #0 - SUBJECT ADDED ENTRY--TOPICAL TERM
Topical term or geographic name as entry element Real property
Geographic subdivision England.
-- 0000160401
700 1# - ADDED ENTRY--PERSONAL NAME
Personal name Wade, William.
-- 0000160152
700 1# - ADDED ENTRY--PERSONAL NAME
Personal name Harpum, Charles.
-- 0000160402
852 1# - LOCATION
-- p6037 KES
908 ## - PUT COMMAND PARAMETER (RLIN)
Put command parameter 111114
950 ## - LOCAL HOLDINGS (RLIN)
-- 1
Holdings
Withdrawn status Lost status Source of classification or shelving scheme Not for loan Home library Current library Date acquired Total Checkouts Total Renewals Full call number Barcode Date last seen Date last checked out Price effective from Koha item type
    Library of Congress Classification   Kabarak, Main Campus Kabarak, Main Campus 17/12/2015 5 1 KD829 .M44 2008 c. 1 19878 05/12/2020 17/11/2020 17/12/2015 General Collection
Designed with assistance from East African Informatics Ltd